80 youtubers français - Statistiques

Statistiques générales
  • Ce quiz a été pris 6 334 fois
    94 depuis la dernière actualisation
  • Le résultat moyen est 19 sur 90
Statistiques - réponses
Nombre d'abonnés Réponse % Correct
20,1M Squeezie
97%
26,9M Tibo Inshape
92%
9,39M Inoxtag
87%
14,5M Cyprien
86%
10,09M Michou
85%
11,3M Norman
78%
9,29M Amixem
77%
6,98M Mastu
71%
6,87M Joyca
69%
5,17M Natoo
64%
7,63M Mcfly et Carlito
63%
2,28M Djilsi
54%
3,16M Lena Situations
42%
6,47M Mister V
38%
5,83M Seb
38%
2,76M GMK
37%
3,71M Enjoy Phoenix
36%
3,28M Valouzz
36%
4,39M Gotaga
35%
9,84M Lama Faché
33%
3,03M Theodort
33%
4,61M Le Bouseuh
32%
3,87M Joueur du grenier
23%
2,17M Antoine
19%
7,56M FastGoodCuisine
19%
10,08M Furious Jumper
19%
3,18M Juju Fitcats
17%
3,39M Andy
15%
3,71M Hugo Decrypte
15%
5,09M HugoPosé
15%
5,07M Squeezie Gaming
15%
6,99M Swan et Néo
15%
3,81M Pierre Croce
14%
2,41M Sofyan
14%
5,62M Kevin Tran
13%
4,16M Le grand JD
13%
5,5M MichouOff
12%
7,39M Rémi Gaillard
12%
2,74M Sora
12%
4,04M TheKairi78
12%
2,74M Wankil Studio Laink et Terracid
12%
5,21M Cyrilmp4
10%
3,55M LEGEND
10%
2,16M Neoxi
10%
2,44M Vilebrequin
10%
4,92M Dr Nozman
9%
3,04M Inoxtag 2.0
9%
4,52M L'atelier de Roxane
9%
2,15M Noholito
9%
3,82M Poisson Fécond
9%
3,02M Sananas
9%
2,32M Doc Seven
8%
2,23M Dooms
8%
3,09M Fuze III
8%
4,02M Le monde à l'envers
8%
2,44M Tim
8%
3,15M Trash
8%
5,39M Anas
6%
5,95M Bigorneaux et coquillages
6%
3,4M Golden Moustache
6%
5,06M IbraTV
6%
3,47M Le Woop
6%
3,17M Lolywood
6%
2,25M McSkyz
6%
2,73M Nota Bene
6%
2,31M Siphano
6%
3,82M BATZAIR
5%
4,3M Greg Guillotin
5%
3,52M Jeremy Nadeau
5%
2,7M Jojol
5%
2,85M Bouzitv
4%
2,35M Chocoh
4%
2,32M Fabien Olicard
4%
2,54M GotagaTV
4%
3,34M Guillaume Pley
4%
2,49M Kevin Tran L'empereur
4%
3,98M Les parodie Bros
4%
2,81M Mr Antoine Daniel
4%
4,03M Palmashow
4%
3,86M Studio Bagel
4%
2,98M Yvan Monka
4%
2,26M Adem&Bilal
3%
2,34M Antton Racca
3%
2,6M Daniil le Russe
3%
2,6M Denyzee
3%
2,43M Horia
3%
2,28M Jamy Epicurieux
3%
2,39M Mamytwink
3%
2,49M Neo the one
3%
3,41M Tibo Inshape Entrainement
3%
Aucun quiz correspondant
Distribution des résultats
% des personnes avec chaque résultat
Percentile par nombre de réponses
Votre historique - résultats
Vous n’avez pas pris ce quiz depuis la dernière actualisation